| 000 | 00395nam a2200133Ia 4500 | ||
|---|---|---|---|
| 008 | 220217s9999||||xx |||||||||||||| ||und|| | ||
| 020 | _a81-8404-404-6 | ||
| 082 | _a005.13 BRI | ||
| 100 |
_aBrittain, Jason and Darwin, Lan, F _95457 |
||
| 245 | 0 | _aTomcat: the definitive guide | |
| 260 |
_aShroff publishers and dist.Pvt. _bMumbai _c2007 |
||
| 300 | _b400 | ||
| 650 | _aPROGRAMMING LANGUAGE | ||
| 999 |
_c176440 _d176440 |
||